000 00948cam a2200277 04500
001 45706
021 _b55210/93
090 _a45706
100 _a19930823d1993 m a0pory5003 ba
101 0 _apor
102 _aPT
200 1 _aEstudantes universitários
_ecomposicão social, representacões e valores
_fJosé Luís Casanova
205 _a1.ª ed.
210 9 _aLisboa
_cInstituto das Ciências Sociais
_cInstituto da Juventude,
_d1993
215 _a97, [2] p.
_cil.
_d23 cm
225 2 _aCadernos do Instituto das Ciências Sociais
_v5
_eEstudos de Juventude
606 _aAlunos do ensino superior
_xCaracterizacão social
606 _aAlunos do ensino superior
_xValores (Ética)
606 _aAlunos do ensino superior
_xExpectativas profissionais
675 _a316.7
_vBN
_zpor
675 _a371.1/.2 (075)
_vBN
_zpor
675 _a378.4
_vBN
_zpor
675 _a331
_vBN
_zpor
700 1 _aCasanova,
_bJosé Luís
801 0 _aPT
_bBN
_gRPC
990 _cLIVROS